LEADER 00845nam a2200241 i 4500 001 991000556199707536 005 20020506132207.0 008 000704s1876 it ||| | ita 035 $ab10717468-39ule_inst 035 $aEXGIL147671$9ExL 040 $aBiblioteca Interfacoltà$bita 082 0 $a923 100 1 $aCortassa, Giovanni$0534292 245 10$aVita di Washington :$bnote storiche /$cdi Giovanni Cortassa 260 $aMilano :$bCarrara,$c1876 300 $a132, [3] p. :$britr. ;$c19 cm. 650 4$aWashington, George 907 $a.b10717468$b02-04-14$c28-06-02 912 $a991000556199707536 945 $aLE002 St. VI B 21$g1$i2002000686763$lle002$o-$pE0.00$q-$rn$so $t0$u0$v0$w0$x0$y.i10814115$z28-06-02 996 $aVita di Washington$9911861 997 $aUNISALENTO 998 $ale002$b01-01-00$cm$da $e-$fita$git $h0$i1 LEADER 00927nam a2200253 i 4500 001 991000048009707536 005 20020503113144.0 008 010705s1997 it ||| | ita 020 $a8880990586 035 $ab10018918-39ule_inst 035 $aocm00009387$9ExL 040 $aDip.to Beni Culturali$bita 100 1 $aLippolis, Enzo$0284319 245 10$aFra Taranto e Roma :$bsocietà e cultura urbana in Puglia tra Annibale e l'Età imperiale /$cLippolis Enzo 260 $aTaranto :$bScorpione,$c1997 300 $a274 p. 490 0 $aTest problemi questioni di archeologia 650 4$aTaranto - Epoca romana 907 $a.b10018918$b17-02-17$c31-05-02 912 $a991000048009707536 945 $aLE001 AN V 111$g2$i2001000020423$lle001$o-$pE0.00$q-$rl$s- $t0$u8$v0$w8$x0$y.i10021887$z31-05-02 996 $aFra Taranto e Roma$9178767 997 $aUNISALENTO 998 $ale001$b01-01-01$cm$da $e-$fita$git $h0$i1